Проблемы нелинейной теории упругости: межвузовский сборник научных трудов

書誌詳細
団体著者: Калининский политехнический институт (КПИ)
その他の著者: Зубчанинов В. Г. Владимир Георгиевич (редактор)
言語:ロシア語
出版事項: Калинин, КПИ, 1989
主題:
フォーマット: 図書
KOHA link:https://koha.lib.tpu.ru/cgi-bin/koha/opac-detail.pl?biblionumber=223722

MARC

LEADER 00000nam0a2200000 4500
001 223722
005 20231101230538.0
020 |a RU  |b 90-18149 
035 |a (RuTPU)RU\TPU\book\243991 
090 |a 223722 
100 |a 20121016d1989 k a0rusy5003 ca 
101 0 |a rus 
102 |a RU 
105 |a a z 001zy 
200 1 |a Проблемы нелинейной теории упругости  |e межвузовский сборник научных трудов  |f Калининский политехнический институт (КПИ) ; под ред. В. Г. Зубчанинова 
210 |a Калинин  |c КПИ  |d 1989 
215 |a 151 с.  |c ил.  |d 20 см 
320 |a Библиогр. в конце ст. 
606 1 |a Упругость, теория  |2 stltpush  |3 (RuTPU)RU\TPU\subj\63144  |9 80188 
610 1 |a нелинейная теория 
610 1 |a конструкции 
610 1 |a состояния 
610 1 |a материалы 
610 1 |a свойства 
675 |a 539.3  |z rus  |v 3 
702 1 |a Зубчанинов  |b В. Г.  |g Владимир Георгиевич  |4 340 
712 0 2 |a Калининский политехнический институт (КПИ)  |c (1958-1990)  |2 stltpush  |3 (RuTPU)RU\TPU\col\7669 
801 0 |a RU  |b RuMRKP  |c 19950417  |g psbo 
801 1 |a RU  |b 63413507  |c 20121016 
801 2 |a RU  |b 63413507  |c 20131007  |g RCR 
942 |c BK